000 00719nam a2200253Ia 4500
003 OSt
005 20221007074441.0
006 a|||||r|||| 00| 0
007 ta
008 221006b |||||||| |||| 00| 0 eng d
024 _a34,764
037 _cTextual
040 _aFLL
_cFLL
_beng
041 _2eng
_aeng
082 _aZ2:91:9Z, P6
100 _aMendiratta S K
_9365100
245 0 _aHow India votes elcetion laws, practice and procedure
250 _a2nd
260 _aNagpur
_bLexisNexis Butterworths Wadhwa India
_c2006
300 _axl,631p
_ccm.
700 _a Devi V S Rama
_9461206
942 _hZ2:91:9Z, P6
_cTEXL
_2CC
999 _c1152409
_d1152409